Three Gothic novels

Salvato in:
Dettagli Bibliografici
Autore principale: Brown, Charles Brokden
Natura: Libro
Lingua:Undetermined
Pubblicazione: New York, NY The Library of America 1998
Soggetti:
Tags: Aggiungi Tag
Nessun Tag, puoi essere il primo ad aggiungerne! !
Thư viện lưu trữ: Trung tâm Học liệu Trường Đại học Cần Thơ
LEADER 00597nam a2200205Ia 4500
001 CTU_125612
008 210402s9999 xx 000 0 und d
020 |c 26 
082 |a 813.2 
082 |b B877 
100 |a Brown, Charles Brokden 
245 0 |a Three Gothic novels 
245 0 |c Charles Brokden Brown; Edited by Sydney J. Krause 
260 |a New York, NY 
260 |b The Library of America 
260 |c 1998 
650 |a Horror tales, American,Gothic reviral ( Literature ) 
650 |z United States 
904 |i Minh 
980 |a Trung tâm Học liệu Trường Đại học Cần Thơ